| 000 | 00629nam a2200253Ia 4500 | ||
|---|---|---|---|
| 003 | OSt | ||
| 005 | 20221005133137.0 | ||
| 006 | a|||||r|||| 00| 0 | ||
| 007 | ta | ||
| 008 | 221004b |||||||| |||| 00| 0 eng d | ||
| 024 | _a64167 | ||
| 037 | _cTextual | ||
| 040 |
_aCRL _cCRL _beng |
||
| 041 |
_2eng _aeng |
||
| 082 | _aV1:5.N, M4 | ||
| 110 | _aUNESCO | ||
| 245 | 0 |
_aViolations of human rights _b Possible rights of recourse and forms of resistance. |
|
| 260 | _c1984 | ||
| 300 |
_a236p. _ccm. |
||
| 650 | _aHISTORY | ||
| 700 | _aUNESCO | ||
| 942 |
_hV1:5.N, M4 _cTEXL _2cc |
||
| 999 |
_c1065868 _d1065868 |
||